Explore and express book one

Na minha lista:
Detalhes bibliográficos
Formato: Livro
Publicado em: 1982
Tags: Adicionar Tag
Sem tags, seja o primeiro a adicionar uma tag!
Thư viện lưu trữ: Mạng thư viện Đại học Đà Nẵng
LEADER 00435nam a22001811a 4500
001 000037988
003 14283
005 20160412021209.0
008 160412s1982 000
082 |a 4A(07)1504 
245 |a Explore and express book one  |c K.D. Watson 
260 |c 1982 
OWN |a LNN 
999 |a From the UDN01 
TYP |a Monograph 
980 |a Mạng thư viện Đại học Đà Nẵng